00467 a2200169 450000100060000002000060000604000220001210000360003424000270007024500220009730000080011936200090012765000260013694200070016295201110016999900170028058402 a  cAnchieta - Pituba aCorrêa, Luiz Carlos Salomão10aO segredo de Nocalpor10aO segredo de Noca a3040 a1997 4aFicção brasileira cBK 00104070a91.1b91.1d2023-11-21l0o869.93 C824s COR SEGp8968/PITr2023-11-21 18:26:12w2023-11-21yBK c58402d58402